000 00657nam a22002177a 4500
003 UA-OsUOA
001 100551
007 ta
008 20130528b un ||||| |||| 00| 0 ukr d
100 _aМанько В.О.
090 _a902
_bМ24
942 _cSA
040 _aUA-OsUOA
_bukr
_cUA-OsUOA
_dUA-OsUOA
245 _aІдеї Г. Чайлда та їх застосування для вивчення неоліту Східної Європи
300 _aС.16-33
955 _a0
041 _aukr
080 _a902
773 0 _w100548
_tАрхеологія
_dК.
_d2013
_g1
650 7 _a9 Географія. Біографії. Історія
_2UDC
999 _c387074
_d387074